Młodzieżowe Słowo Roku 2025 - Statystyki

Ogólne statystyki
  • Ten quiz został rozwiązany 102 razy
  • Średni wynik to 6 z 15
Statystyki odpowiedzi
Definicja Słowo % Poprawnych
kolega, ziomek, bliski znajomy, prawie jak brat bro
78%
Greatest Of All Time GOAT
77%
....... czy obciach klasa
76%
idiom liczbowy o nieustalonym, kontekstowym znaczeniu six seven
66%
naprawdę fr
58%
nazywa praktykę pochłaniania treści niemających znaczenia i celu brainrot
39%
połączenie międzynarodowego wyrazu aprobaty oraz polskiego pożegnania OKPA
38%
robić coś nie do końca właściwego i legalnego, igrać z czymś, wygłupiać się, cwaniaczyć szpont
36%
osoba, z którą czujemy silną więź i podzielamy upodobania twin
30%
Komplement odnoszący się do atrakcyjnego wyglądu albo zachowania używany w LGBTQ+. slay
28%
wypowiedź wyrażająca podziw i uznanie szacun
26%
dziwaczny, osobliwy, trochę przerażający freaky
24%
słowo pozbawione znaczenia, wyrażające jedynie emocje mówiącego skibidi
23%
Występuje w kontekstach modowych (np. ‘***** spodnie’, ‘mega******aste spodnie’) tuff
20%
trochę, subtelnie, po cichu, do pewnego stopnia, stonowany lowkey
9%
Nie znaleziono quizów pasujących do podanych kryteriów
Rozkład punktacji
Procent ludzi z każdym wynikiem
Percentyl według liczby udzielonych odpowiedzi
Twoja historia wyników
Nie rozwiązałeś tego quizu